000 00962nam a2200241Ia 4500
003 OSt
005 20220923214330.0
006 a|||||r|||| 00| 0
007 ta
008 220922b |||||||| |||| 00| 0 hin d
024 _a168,902
037 _cTextual
040 _aARTS
_cARTS
_bhin
041 _2hin
_ahin
082 _aO152,1I83:g, L0
100 _aभाटी, देशराज सिंह
245 0 _aसूर का कूटकाव्य
_b सूरदास के कूट पदों की प्रमाणिक एवं काव्यशास्त्रीय व्याख्या
246 _aSūr kā kūṭakāvya: sūradās ke kūṭ padoan kī pramāṇik evan kāvyashāstrīya vyākhyā
260 _c1970
650 _aहिन्दी साहित्य
_9156264
942 _hO152,1I83:g, L0
_cTEXL
_2CC
999 _c323369
_d323369